| 000 | 00565nam a2200229 a 4500 | ||
|---|---|---|---|
| 001 | nice12345678 | ||
| 003 | IN_TiNIC | ||
| 005 | 20260116011425.0 | ||
| 008 | 050524s1924 laha grp 000 0 urd | ||
| 020 |
_a _c100 |
||
| 082 | 0 | 0 |
_a239 _bMIL |
| 100 | _aMilray, C J | ||
| 245 |
_aRuhul Quds _b Az Rue Qur`an-O-Bible. |
||
| 260 |
_aLahore _bPunjab Religious Booksociety _c1924 |
||
| 300 | _a61p | ||
| 500 | _aincludes index and biblioraphy | ||
| 650 | _aGod-Biblical Teaching | ||
| 700 | 1 | _aMilray, C J | |
| 902 | _bSRS | ||
| 942 | _cBK | ||
| 999 |
_c1410 _d1410 |
||